Avatar (The Legend of Korra) - Statistics

General Stats
  • This quiz has been taken 2,871 times
  • The average score is 11 of 15
Answer Stats
Hint Answer % Correct
Avatar Korra
100%
Avatar before Korra Aang
96%
Firebender Mako
92%
Earthbender Bolin
91%
City where show takes place Republic City
87%
Avatar's airbending teacher Tenzin
87%
Korra's Waterbending Master Katara
85%
Type of bending that the Police does Metalbending
85%
Daughter of Hiroshi Sato Asami
78%
Leader of the group mentioned above Amon
76%
Chief of Police Lin Beifong
69%
Group trying to achieve equality Equalists
67%
Threatened Republic City 42 years ago with bloodbending Yakone
40%
Bloodbender Council Member Tarrlok
36%
Second in command of Police Saikhan
8%
No matching quizzes found
Score Distribution
Percent of People with Each Score
Percentile by Number Answered
Your Score History
You have not taken this quiz